Computer Science: XII (Record no. 5290)
[ view plain ]
| 000 -LEADER | |
|---|---|
| fixed length control field | 00418 a2200145 4500 |
| 082 ## - DEWEY DECIMAL CLASSIFICATION NUMBER | |
| Classification number | 004 |
| 090 ## - LOCALLY ASSIGNED LC-TYPE CALL NUMBER (OCLC); LOCAL CALL NUMBER (RLIN) | |
| -- | 1335 |
| -- | 1335 |
| 100 ## - MAIN ENTRY--PERSONAL NAME | |
| Personal name | Muhammad Yousaf Samdani |
| 245 ## - TITLE STATEMENT | |
| Title | Computer Science: XII |
| Statement of responsibility, etc. | Muhammad Yousaf Samdani |
| 260 ## - PUBLICATION, DISTRIBUTION, ETC. | |
| Place of publication, distribution, etc. | Lahore : |
| Name of publisher, distributor, etc. | Punjab Text Book Board , |
| Date of publication, distribution, etc. | 1998. |
| 300 ## - PHYSICAL DESCRIPTION | |
| Extent | v, 251 p. : |
| Other physical details | ill. ; |
| Dimensions | 23cm. |
| 500 ## - GENERAL NOTE | |
| General note | Includes Index |
| 650 ## - SUBJECT ADDED ENTRY--TOPICAL TERM | |
| Topical term or geographic name entry element | Computer Science -- Study and Teaching |
| 942 ## - ADDED ENTRY ELEMENTS (KOHA) | |
| Koha item type | Book |
| Call number prefix | 004 SAM |
| Withdrawn status | Lost status | Damaged status | Not for loan | Collection code | Permanent Location | Current Location | Shelving location | Date acquired | Full call number | Barcode | Date last seen | Price effective from | Koha item type | Source of acquisition | Total Checkouts |
|---|---|---|---|---|---|---|---|---|---|---|---|---|---|---|---|
| Central Library (CL) | Central Library (CL) | First Floor - Computer Science | 10/05/2006 | 004 SAM | SEECSD00113 | 11/14/2012 | 01/05/2017 | Book | Donation | ||||||
| NUST Law School (NLS) | NUST Law School (NLS) | First Floor - Computer Science | 12/08/2000 | 004 SAM | SEECS000562 | 11/14/2012 | 01/05/2017 | Book |
